|
|
|
|
| LEADER |
00000ny a22000003n 4500 |
| 005 |
20110616110457.0 |
| 008 |
021204s sp 000 0 spa d |
| 020 |
|
|
|a 9788495027337
|
| 035 |
|
|
|a 3317
|
| 040 |
|
|
|a UPO
|d vLex
|
| 080 |
|
|
|a 316.647.5
|
| 080 |
|
|
|a 343:316.647.5
|
| 090 |
|
|
|c 753
|d 753
|
| 100 |
1 |
|
|a Latorre Latorre, Virgilio
|
| 245 |
1 |
0 |
|a Desde la tolerancia
|h [Recurso electrn̤ico]
|c Virgilio Latorre Latorre
|
| 256 |
|
|
|a Servicio en ln̕ea
|
| 260 |
|
|
|a Barcelona :
|b Cedecs,
|c 1998
|
| 300 |
|
|
|a 213 p. ;
|c 23 cm
|
| 504 |
|
|
|a Bibliografa̕: p. 207-213
|
| 506 |
1 |
|
|a Contenido solo disponible en los productos indicados
|d vLex Global
|d vLex Global (Academic Edition, excluding Law Schools)
|d vLex Global (U.S. Academic Edition, Law Schools)
|d vLex Global (U.S. Academic Edition, excluding Law Schools)
|d vLex Global (Academic Edition, Law Schools)
|
| 650 |
0 |
7 |
|a Tolerancia
|2 Tesauro vLex
|
| 650 |
0 |
7 |
|a Paso del tiempo y tolerancia administrativa
|2 Tesauro vLex
|
| 740 |
0 |
|
|a vLex Libros (Servicios en ln̕ea)
|
| 856 |
4 |
0 |
|u http://vlex.com/source/3317
|z Acceso restringido
|
| 942 |
|
|
|c BOOK
|
| 999 |
0 |
|
|a Toleration
|b Barcelona
|